000 00589nam a2200193Ia 4500
003 IN-BaIIA
008 211028s9999 xx 000 0 eng d
040 _cIIA Library
080 _a517.94
_bGRE
100 _aGrebenikov, E. A.
_914099
245 0 _aConstructive Methods in the Analysis of Nonlinear Systems, Tr from Russian by Ram s Wadhwa
_cE. A. Grebenikov And YU A. Ryabov
260 _aMoscow
_bMIR Publishers
_c1983
300 _a328p.
650 _aChaos
_910923
650 _aNASA Thesaurus
650 _aNonlinear Systems
_95363
700 _aRyabov, YU A.
_914100
942 _cBK
999 _c8413
_d8413